• 首页
  • 本馆介绍
  • 公告通知
  • 最新文献
  • 馆藏检索
  • 电子资源
  • 读者导购
  • 参考咨询
  • 我的图书馆
  • 登录
  • 详细信息显示
  • 放入我的书架
  • 预约/预借图书
  • 作者相关作品
  • 分类相关作品
  • 丛书相关作品
  • 出版社相关作品

书目信息

  • 表格格式
  • 工作单格式
  • 卡片格式
题名:
旱地合理耕层构建配套耕作机具研究
    
 
作者: 逄焕成 著
分册:  
出版信息: 北京   中国农业科学技术出版社  2018.08
页数: 126页
开本: 21cm
丛书名:
单 册:
中图分类: S222
科图分类:
主题词: 旱地--han di--耕整地机具--研究
电子资源:
ISBN: 978-7-5116-3782-6
000 00916nam0 2200241 450
001 0106081804
005 20201106082043.0
010    @a978-7-5116-3782-6@dCNY98.00
100    @a20181129d2018 em y0chiy50 ea
101 0  @achi
102    @aCN@b110000
105    @aa z 000yy
106    @ar
200 1  @a旱地合理耕层构建配套耕作机具研究@Ahan di he li geng ceng gou jian pei tao geng zuo ji ju yan jiu@f逄焕成[等]著
210    @a北京@c中国农业科学技术出版社@d2018.08
215    @a126页@c图@d21cm
304    @a著者还有:张旭东、张旭、李玉义
330    @a本书共分八章,内容包括:概述、全方位松旋耕耕作机械研制与应用、深松灭茬及旋耕整地复式作业机具研制与应用、新型秸秆深埋复合耙耱整地机械研制与应用、新型播种分层施肥机械研制与应用等。
606 0  @a旱地@Ahan di@x耕整地机具@x研究
690    @aS222@v5
701  0 @a逄焕成@Apang huan cheng@4著
801  0 @aCN@bBJSZM@c20201106
905    @b1191488-91@dS222@e60@f4
    
    旱地合理耕层构建配套耕作机具研究/逄焕成[等]著.-北京:中国农业科学技术出版社,2018.08
    126页:图;21cm
    
    
    ISBN 978-7-5116-3782-6:CNY98.00
    本书共分八章,内容包括:概述、全方位松旋耕耕作机械研制与应用、深松灭茬及旋耕整地复式作业机具研制与应用、新型秸秆深埋复合耙耱整地机械研制与应用、新型播种分层施肥机械研制与应用等。
●
相关链接 在E读中查询图书 在五车中查询图书 在当当中查询图书 在豆瓣中查询图书


正题名:旱地合理耕层构建配套耕作机具研究     索取号:S222/60         预约/预借

序号 登录号 条形码 馆藏地/架位号 状态 备注
1 1191488   211914883   第二样本阅览室/ [索取号:S222/60] 在馆    
2 1191489   211914892   第三借阅区/ [索取号:S222/60] 在馆    
3 1191490   211914909   第三借阅区/ [索取号:S222/60] 在馆    
4 1191491   211914918   第三借阅区/ [索取号:S222/60] 在馆    
唐山师范学院图书馆 欢迎您!
大连网信软件有限公司© 版权所有